Normal view
MARC view
- Pavements, Reinforced concrete
Entry Topical Term
001 - CONTROL NUMBER
- control field: 44906
003 - CONTROL NUMBER IDENTIFIER
- control field: NUST
005 - DATE AND TIME OF LATEST TRANSACTION
- control field: 20210314133117.0
008 - FIXED-LENGTH DATA ELEMENTS
- fixed length control field: 210314|| aca||aabn | a|a d
040 ## - CATALOGING SOURCE
- Original cataloging agency: NUST
- Transcribing agency: NUST
150 ## - HEADING--TOPICAL TERM
- Topical term or geographic name entry element: Pavements, Reinforced concrete
- General subdivision: Testing.
- General subdivision: Testing
670 ## - SOURCE DATA FOUND
- Source citation: Work cat.: (NUST): M.S. SHETTY 44905, Concrete technology., 1998.
